Park kultúry a oddychu, Zimný prístav, Bratislava
Salvato in:
| Autore principale: | |
|---|---|
| Altri autori: | |
| Natura: | Manoscritto Libro |
| Lingua: | slovacco |
| Pubblicazione: |
2025
|
| Soggetti: | |
| Accesso online: | http://is.stuba.sk/zp/portal_zp.pl?podrobnosti=185022 |
| Tags: |
Nessun Tag, puoi essere il primo ad aggiungerne!!
|
MARC
| LEADER | 00000ntm a22000003a 4500 | ||
|---|---|---|---|
| 001 | stuzp104912 | ||
| 003 | SK-STU | ||
| 005 | 20250607210924.9 | ||
| 007 | ta | ||
| 008 | 150427s2015----xo-----f-mn---000-0-slo-d | ||
| 040 | |a STU |b slo | ||
| 041 | 0 | |a slo | |
| 100 | 1 | |a Demčák, Jakub |u 052120 |4 aut |U FAD Fakulta architektúry a dizajnu |T FAD Ústav ekologickej a experimentálnej architektúry |X 99320 |U A2120 |Y 393 |7 99320 | |
| 242 | 0 | 1 | |a Park of culture and recreation, Zimný prístav, Bratislava |y eng |
| 245 | 1 | 0 | |a Park kultúry a oddychu, Zimný prístav, Bratislava |
| 260 | |c 2025 | ||
| 650 | 4 | |a Artificial intelligence |2 eng | |
| 650 | 4 | |a Winter Harbor |2 eng | |
| 650 | 4 | |a fluidity |2 eng | |
| 650 | 4 | |a water |2 eng | |
| 650 | 4 | |a library |2 eng | |
| 650 | 4 | |a plynulosť |2 slo | |
| 650 | 4 | |a voda |2 slo | |
| 650 | 4 | |a knižnica |2 slo | |
| 650 | 4 | |a Zimný prístav |2 slo | |
| 650 | 4 | |a umelá inteligencia |2 slo | |
| 700 | 1 | |a Hajtmanek, Roman |u 052120 |k Z1 |4 ths |U FAD Fakulta architektúry a dizajnu |T FAD Ústav ekologickej a experimentálnej architektúry |X 43313 |U A2120 |Y 393 |7 A000043313 | |
| 856 | 4 | |u http://is.stuba.sk/zp/portal_zp.pl?podrobnosti=185022 | |